Normal view
MARC view
- الحوار في الاسلام- المرأة المسلمة
Entry Topical Term
001 - CONTROL NUMBER
- control field: 7295
003 - CONTROL NUMBER IDENTIFIER
- control field: JO-AjAnu
005 - DATE AND TIME OF LATEST TRANSACTION
- control field: 20230606071500.0
008 - FIXED-LENGTH DATA ELEMENTS
- fixed length control field: 230606|| aca||aabn | a|a d
040 ## - CATALOGING SOURCE
- Original cataloging agency: JO-AjAnu
- Transcribing agency: JO-AjAnu
150 ## - HEADING--TOPICAL TERM
- Topical term or geographic name entry element: الحوار في الاسلام- المرأة المسلمة
670 ## - SOURCE DATA FOUND
- Source citation: Work cat.: (JO-AjAnu)3775: الجابي، سليم, author 7294, الرأي في المرأة والحرية والتراث حول حوار الدكتور البوطي والصحفي فياض